00982cam a2200241u 450000100060000000300080000600500170001400800390003103500190007004000330008904100080012208200200013011000610015024501950021126000490040630000290045550400200048465100280050465100540053294200120058699900170059895201250061530767BD-RjUL20211209051620.0140412s1941 ii 001 0 eng a(BD-RjUL)30854 aDLCcCarPdDLCdBD-RjULbeng aeng a299.5bCON 19412 aDurkal Jayendraray Bhagwanlal. [from old catalog]99515410aConservative India :b says and essays on the principles and practices of Indian conservatism, with a conservative catechism and reflections obiter dicta /cby Jayendraray Bhagwanlal Durkal. aAhmedsbad :bD.B. Taraporevala Sons, c1941. axiviii, 241 p. ;c19 cm. aIncludes index. 0aIndiaxReligion.993504 0aIndiaxPolitics and governmenty1919-1947.993505 2ddccBK c30767d30767 00102ddc40718NFICaRUCLbRUCLcReadingd1961-11-09eN/Al0o299.5 CON 1941r2014-04-12 00:00:00tC-1w2021-12-09yBK